| 000 | 00592nam a22001697a 4500 | ||
|---|---|---|---|
| 999 |
_c15270 _d15270 |
||
| 003 | OSt | ||
| 082 | _2631.75807 ROY/SI | ||
| 088 | _aT 43 | ||
| 100 |
_aROY MATHEW _92898 |
||
| 245 | _aSimulation studies on different design parameters of spurs (Groynes) | ||
| 260 |
_aTavanur 1995 _bKelappaji Collge of Agricultrual Engineering and Technology |
||
| 300 | _a182 | ||
| 500 | _aSimulation studies on different design parameters of spurs (groynes) | ||
| 520 | _aSimulation studies on different design parameters of spurs (Groynes) | ||
| 700 |
_aEr. Xavier K. Jacob (Guide) _92455 |
||
| 942 | _cTH | ||